00508pab a2200169 454500008004000000100002000040245011200060260000900172300001300181362001200194650002500206650003500231650002400266700002100290700001400311773001300325180718b2004 xxu||||| |||| 00| 0 eng d aHussin, WMA Wan aStress management and its effects on the performance of young site engineers and land surveyors in Malaysia c2004 ap.77-89. aJan-Jul aEngineers - Malaysia aOccupational stress - Malaysia aOccupational stress aAhmad, MS Sheikh aAhmad, S. aPranjana